<?xml version="1.0" encoding="UTF-8"?><marc:collection xmlns:marc="http://www.loc.gov/MARC21/slim">
  <marc:record>
    <marc:leader>02363nas a2200529 c 4500</marc:leader>
    <marc:controlfield tag="001">010000623</marc:controlfield>
    <marc:controlfield tag="003">DE-101</marc:controlfield>
    <marc:controlfield tag="005">20250507210938.0</marc:controlfield>
    <marc:controlfield tag="007">tu</marc:controlfield>
    <marc:controlfield tag="008">991118d19581989hu u||p|  ||| 0||||1ger c</marc:controlfield>
    <marc:datafield tag="016" ind1="7" ind2=" ">
      <marc:subfield code="2">DE-600</marc:subfield>
      <marc:subfield code="a">80-2</marc:subfield>
    </marc:datafield>
    <marc:datafield tag="016" ind1="7" ind2=" ">
      <marc:subfield code="2">DE-101</marc:subfield>
      <marc:subfield code="a">010000623</marc:subfield>
    </marc:datafield>
    <marc:datafield tag="022" ind1=" " ind2=" ">
      <marc:subfield code="a">0001-5849</marc:subfield>
    </marc:datafield>
    <marc:datafield tag="035" ind1=" " ind2=" ">
      <marc:subfield code="a">(DE-599)ZDB80-2</marc:subfield>
    </marc:datafield>
    <marc:datafield tag="035" ind1=" " ind2=" ">
      <marc:subfield code="a">(OCoLC)1367292314</marc:subfield>
    </marc:datafield>
    <marc:datafield tag="040" ind1=" " ind2=" ">
      <marc:subfield code="a">9001</marc:subfield>
      <marc:subfield code="b">ger</marc:subfield>
      <marc:subfield code="c">DE-101</marc:subfield>
      <marc:subfield code="d">9999</marc:subfield>
    </marc:datafield>
    <marc:datafield tag="041" ind1=" " ind2=" ">
      <marc:subfield code="a">ger</marc:subfield>
      <marc:subfield code="a">mul</marc:subfield>
    </marc:datafield>
    <marc:datafield tag="042" ind1=" " ind2=" ">
      <marc:subfield code="a">zdb</marc:subfield>
    </marc:datafield>
    <marc:datafield tag="044" ind1=" " ind2=" ">
      <marc:subfield code="c">XA-HU</marc:subfield>
    </marc:datafield>
    <marc:datafield tag="082" ind1="7" ind2="4">
      <marc:subfield code="a">940</marc:subfield>
      <marc:subfield code="q">DE-600</marc:subfield>
      <marc:subfield code="2">22sdnb</marc:subfield>
    </marc:datafield>
    <marc:datafield tag="084" ind1=" " ind2=" ">
      <marc:subfield code="a">7,52</marc:subfield>
      <marc:subfield code="a">7,41</marc:subfield>
      <marc:subfield code="2">ssgn</marc:subfield>
    </marc:datafield>
    <marc:datafield tag="084" ind1=" " ind2=" ">
      <marc:subfield code="a">NA 1000</marc:subfield>
      <marc:subfield code="2">rvk</marc:subfield>
    </marc:datafield>
    <marc:datafield tag="245" ind1="0" ind2="0">
      <marc:subfield code="a">Acta historica</marc:subfield>
      <marc:subfield code="b">revue de l'Académie des Sciences de Hongrie</marc:subfield>
    </marc:datafield>
    <marc:datafield tag="247" ind1="0" ind2="0">
      <marc:subfield code="a">Acta historica Academiae Scientiarum Hungaricae</marc:subfield>
      <marc:subfield code="f">Nebent.</marc:subfield>
    </marc:datafield>
    <marc:datafield tag="264" ind1="3" ind2="1">
      <marc:subfield code="a">Budapest</marc:subfield>
      <marc:subfield code="b">Akad. Kiadó</marc:subfield>
      <marc:subfield code="c">1958-1989</marc:subfield>
    </marc:datafield>
    <marc:datafield tag="336" ind1=" " ind2=" ">
      <marc:subfield code="a">Text</marc:subfield>
      <marc:subfield code="b">txt</marc:subfield>
      <marc:subfield code="2">rdacontent</marc:subfield>
    </marc:datafield>
    <marc:datafield tag="337" ind1=" " ind2=" ">
      <marc:subfield code="a">ohne Hilfsmittel zu benutzen</marc:subfield>
      <marc:subfield code="b">n</marc:subfield>
      <marc:subfield code="2">rdamedia</marc:subfield>
    </marc:datafield>
    <marc:datafield tag="338" ind1=" " ind2=" ">
      <marc:subfield code="a">Band</marc:subfield>
      <marc:subfield code="b">nc</marc:subfield>
      <marc:subfield code="2">rdacarrier</marc:subfield>
    </marc:datafield>
    <marc:datafield tag="362" ind1="0" ind2=" ">
      <marc:subfield code="a">5.1958 - 35.1989</marc:subfield>
    </marc:datafield>
    <marc:datafield tag="363" ind1="0" ind2="0">
      <marc:subfield code="8">1.1\x</marc:subfield>
      <marc:subfield code="a">5</marc:subfield>
      <marc:subfield code="i">1958</marc:subfield>
    </marc:datafield>
    <marc:datafield tag="363" ind1="1" ind2="0">
      <marc:subfield code="8">1.2\x</marc:subfield>
      <marc:subfield code="a">35</marc:subfield>
      <marc:subfield code="i">1989</marc:subfield>
    </marc:datafield>
    <marc:datafield tag="546" ind1=" " ind2=" ">
      <marc:subfield code="a">Beiträge teils deutsch, teils englisch, teils französisch, teils russisch (in kyrilischer Schrift)</marc:subfield>
    </marc:datafield>
    <marc:datafield tag="555" ind1="8" ind2=" ">
      <marc:subfield code="a">Index 5/19.1958/73 in: 19.1973,3/4</marc:subfield>
    </marc:datafield>
    <marc:datafield tag="591" ind1=" " ind2=" ">
      <marc:subfield code="a">F/Q!C</marc:subfield>
    </marc:datafield>
    <marc:datafield tag="648" ind1=" " ind2="7">
      <marc:subfield code="a">Geschichte</marc:subfield>
      <marc:subfield code="9">rswk-swf</marc:subfield>
      <marc:subfield code="2">gnd</marc:subfield>
    </marc:datafield>
    <marc:datafield tag="651" ind1=" " ind2="7">
      <marc:subfield code="0">(DE-588)4078541-5</marc:subfield>
      <marc:subfield code="0">https://d-nb.info/gnd/4078541-5</marc:subfield>
      <marc:subfield code="0">(DE-101)040785416</marc:subfield>
      <marc:subfield code="a">Ungarn</marc:subfield>
      <marc:subfield code="9">rswk-swf</marc:subfield>
      <marc:subfield code="2">gnd</marc:subfield>
    </marc:datafield>
    <marc:datafield tag="655" ind1=" " ind2="7">
      <marc:subfield code="0">(DE-588)4067488-5</marc:subfield>
      <marc:subfield code="0">https://d-nb.info/gnd/4067488-5</marc:subfield>
      <marc:subfield code="0">(DE-101)040674886</marc:subfield>
      <marc:subfield code="a">Zeitschrift</marc:subfield>
      <marc:subfield code="2">gnd-content</marc:subfield>
    </marc:datafield>
    <marc:datafield tag="655" ind1=" " ind2="7">
      <marc:subfield code="a">Zeitschrift</marc:subfield>
      <marc:subfield code="9">rswk-swf</marc:subfield>
      <marc:subfield code="2">gnd</marc:subfield>
    </marc:datafield>
    <marc:datafield tag="689" ind1="0" ind2="0">
      <marc:subfield code="0">(DE-588)4078541-5</marc:subfield>
      <marc:subfield code="0">https://d-nb.info/gnd/4078541-5</marc:subfield>
      <marc:subfield code="0">(DE-101)040785416</marc:subfield>
      <marc:subfield code="D">g</marc:subfield>
      <marc:subfield code="a">Ungarn</marc:subfield>
    </marc:datafield>
    <marc:datafield tag="689" ind1="0" ind2="1">
      <marc:subfield code="A">z</marc:subfield>
      <marc:subfield code="a">Geschichte</marc:subfield>
    </marc:datafield>
    <marc:datafield tag="689" ind1="0" ind2="2">
      <marc:subfield code="A">f</marc:subfield>
      <marc:subfield code="a">Zeitschrift</marc:subfield>
    </marc:datafield>
    <marc:datafield tag="689" ind1="0" ind2=" ">
      <marc:subfield code="5">DE-600</marc:subfield>
      <marc:subfield code="5">DE-600</marc:subfield>
    </marc:datafield>
    <marc:datafield tag="710" ind1="2" ind2=" ">
      <marc:subfield code="0">(DE-588)35661-X</marc:subfield>
      <marc:subfield code="0">https://d-nb.info/gnd/35661-X</marc:subfield>
      <marc:subfield code="0">(DE-101)000356611</marc:subfield>
      <marc:subfield code="a">Magyar Tudományos Akadémia</marc:subfield>
      <marc:subfield code="e">Herausgebendes Organ</marc:subfield>
      <marc:subfield code="4">isb</marc:subfield>
      <marc:subfield code="2">gnd</marc:subfield>
    </marc:datafield>
    <marc:datafield tag="776" ind1="0" ind2="8">
      <marc:subfield code="i">Erscheint auch als</marc:subfield>
      <marc:subfield code="n">Online-Ausgabe</marc:subfield>
      <marc:subfield code="a">Magyar Tudományos Akadémia</marc:subfield>
      <marc:subfield code="t">Acta historica Academiae Scientiarum Hungaricae</marc:subfield>
      <marc:subfield code="d">Budapest : Akad. Kiadó, 1951-1989</marc:subfield>
      <marc:subfield code="h">Online-Ressource</marc:subfield>
      <marc:subfield code="x">2064-7182</marc:subfield>
      <marc:subfield code="w">(DE-600)2771522-X</marc:subfield>
      <marc:subfield code="w">(DE-101)1051402875</marc:subfield>
    </marc:datafield>
    <marc:datafield tag="780" ind1="0" ind2="0">
      <marc:subfield code="i">Vorg.:</marc:subfield>
      <marc:subfield code="a">Magyar Tudományos Akadémia</marc:subfield>
      <marc:subfield code="t">Acta historica Academiae Scientiarum Hungaricae</marc:subfield>
      <marc:subfield code="d">Budapest : Akad., 1951-1955</marc:subfield>
      <marc:subfield code="w">(DE-600)1741-3</marc:subfield>
      <marc:subfield code="w">(DE-101)010022562</marc:subfield>
    </marc:datafield>
    <marc:datafield tag="785" ind1="0" ind2="0">
      <marc:subfield code="i">Forts.:</marc:subfield>
      <marc:subfield code="t">&#152;The&#156; Hungarian historical review</marc:subfield>
      <marc:subfield code="d">Budapest : [Verlag nicht ermittelbar], 2012-</marc:subfield>
      <marc:subfield code="x">2063-8647</marc:subfield>
      <marc:subfield code="w">(DE-600)2717452-9</marc:subfield>
      <marc:subfield code="w">(DE-101)1035035944</marc:subfield>
    </marc:datafield>
    <marc:datafield tag="850" ind1=" " ind2=" ">
      <marc:subfield code="a">DE-101a</marc:subfield>
    </marc:datafield>
  </marc:record>
</marc:collection>
